|
|
|
|
| LEADER |
00879nam a2200253 a 4500 |
| 001 |
c000217331 |
| 003 |
CARM |
| 005 |
19970929000000.0 |
| 008 |
970929s1954 enka 001 0 eng d |
| 019 |
1 |
|
|a 9227522
|5 LACONCORD2021
|
| 035 |
|
|
|a (OCoLC)6462789
|5 LACONCORD2021
|
| 040 |
|
|
|a QUT
|b eng
|c QUT
|
| 082 |
0 |
4 |
|a 693.5
|2 21
|
| 100 |
1 |
|
|a Pennington, A. M.
|
| 245 |
1 |
0 |
|a Concrete farm structures /
|c A. M. Pennington.
|
| 260 |
|
|
|a London :
|b Concrete Publications,
|c 1954.
|
| 300 |
|
|
|a vi, 154 p. :
|b ill. ;
|c 24 cm.
|
| 440 |
|
0 |
|a Concrete series.
|
| 500 |
|
|
|a Includes index.
|
| 650 |
|
0 |
|a Farm buildings.
|
| 650 |
|
0 |
|a Concrete construction.
|
| 852 |
8 |
|
|b CARM
|h A2:AK20G0
|i C08054
|p 0271679
|f BK
|
| 999 |
f |
f |
|i 319190f7-58da-5d0d-aeab-0e36074987c9
|s 4b73d6c4-af6c-5aad-abdf-e4afe03b8777
|
| 952 |
f |
f |
|p Can circulate
|a CAVAL
|b CAVAL
|c CAVAL
|d CARM 1 Store
|e C08054
|f A2:AK20G0
|h Other scheme
|i book
|m 0271679
|